KPOP: BTS fanchant - Statistics

General Stats
  • This quiz has been taken 3,818 times
  • The average score is 6 of 8
Answer Stats
Members % Correct
Kim Namjoon
99%
Kim Seokjin
94%
Min Yoongi
89%
Jung Hoseok
78%
Park Jimin
73%
Kim Taehyung
64%
Jung Jeongguk
49%
BTS
45%
No matching quizzes found
Score Distribution
Percent of People with Each Score
Percentile by Number Answered
Your Score History
You have not taken this quiz